Catalog

Record Details

Catalog Search



Equality, diversity and enlargement : report on measures to combat discrimination in acceding and candidate countries Cover Image Book Book

Equality, diversity and enlargement : report on measures to combat discrimination in acceding and candidate countries

Record details

  • ISBN: 92-894-6104-7
  • Physical Description: 120 s. : obr.
  • Publisher: Luxembourg : Office for Official Publications of the European Communities, 2003

Available copies

  • 1 of 1 copy available at Common Catalog SPOK.

Holds

  • 0 current holds with 1 total copy.
Show Only Available Copies
Location Call Number / Copy Notes Barcode Shelving Location Status Due Date
Varianty Cho Eq 4605401207 Šafaříkova 17 - 5. patro, chodba Available -

LDR 01429nam a2200457 a 4500
00131771
003CZ-PrJAB
00520190511102451.0
008090116s2003 lu f
020 . ‡a92-894-6104-7
035 . ‡a(CZ PrCU)001023081
040 . ‡aABD147 ‡bcze ‡dABH006
24500. ‡aEquality, diversity and enlargement : ‡breport on measures to combat discrimination in acceding and candidate countries
260 . ‡aLuxembourg : ‡bOffice for Official Publications of the European Communities, ‡c2003
300 . ‡a120 s. : ‡bobr.
4900 . ‡aEmployment and social affairs. Fundamental rights and anti-discrimination
6530 . ‡aopatření proti diskriminaci ‡arasová diskriminace ‡asexuální diskriminace ‡arovné zacházení ‡aEvropská unie ‡akandidátské země
7102 . ‡aEuropean Commission. ‡bDirectorate General Employment and Social Affairs
910 . ‡aABH006
901 . ‡a31771 ‡b ‡c31771 ‡tbiblio

Additional Resources